000 00522nmm a2200169Ia 4500
008 251105s9999||||xx |||||||||||||||||und||
020 _a8479086327
041 _aspa
100 _aLandeira, R.
245 0 _aEl género policiaco en la literatura española del siglo XIX
264 _a[Madrid, España] :
_bPublicaciones de la Universidad de Alicante,
_c2001
300 _a144 páginas
490 _aLiteratura
650 _aSpanish literature
856 _uhttps://public.digitaliapublishing.com/a/669
942 _cCF
999 _c73562
_d73562